US States by Flag Map Picture Quiz - Statistics

General Stats
  • This quiz has been taken 312 times
  • The average score is 42 of 50
Answer Stats
Picture Answer % Correct
California
98%
Texas
95%
Alaska
94%
Florida
94%
Oklahoma
92%
Arkansas
91%
Illinois
91%
Iowa
91%
Kansas
91%
Montana
91%
Wisconsin
91%
Idaho
90%
Oregon
90%
South Dakota
90%
Hawaii
89%
Nevada
89%
Washington
89%
Colorado
88%
Minnesota
88%
New Mexico
87%
Maine
85%
North Carolina
85%
North Dakota
85%
Arizona
84%
New York
84%
Kentucky
83%
Vermont
83%
Alabama
82%
Michigan
82%
Tennessee
82%
Wyoming
82%
Maryland
81%
Nebraska
81%
New Hampshire
81%
West Virginia
81%
Massachusetts
80%
Ohio
80%
South Carolina
80%
Indiana
79%
Louisiana
79%
New Jersey
79%
Mississippi
78%
Virginia
78%
Utah
77%
Delaware
74%
Missouri
74%
Georgia
71%
Rhode Island
71%
Pennsylvania
70%
Connecticut
69%
No matching quizzes found
Score Distribution
Percent of People with Each Score
Percentile by Number Answered
Your Score History
You have not taken this quiz